Gullivers Travel (Record no. 215173)

MARC details
000 -LEADER
fixed length control field 00471nam a22001697a 4500
005 - DATE AND TIME OF LATEST TRANSACTION
control field 20260302121923.0
010 ## - LCCN (DPL NO)
LC control number BACCHEN26
020 ## - INTERNATIONAL STANDARD BOOK NUMBER
International Standard Book Number 9788197870446
Terms of availability 275.00
037 ## - SOURCE OF ACQUISITION
Source of stock number/acquisition Pangram Publishers
082 ## - DEWEY DECIMAL CLASSIFICATION NUMBER
Classification number N
100 ## - MAIN ENTRY--PERSONAL NAME
Personal name Swift, Jonathan
245 ## - TITLE STATEMENT
Title Gullivers Travel
260 ## - PUBLICATION, DISTRIBUTION, ETC. (IMPRINT)
Place of publication, distribution, etc Delhi
Name of publisher, distributor, etc Pangram Publishers
Date of publication, distribution, etc 2025
270 ## - ADDRESS
Address A 208, 2nd Floor, North Ex Mall, Sector-9, Rohini
City Delhi
Postal code 110085
300 ## - PHYSICAL DESCRIPTION
Extent 288.p
Dimensions 21cm(pb)
942 ## - ADDED ENTRY ELEMENTS (KOHA)
Source of classification or shelving scheme Dewey Decimal Classification
Item type Children Books
Call number suffix SWI
Classification part N

No items available.


© Delhi Public Library
Hit Counter
free hit counter